=LDR 00000nam 2200000 4500 =001 INLIS000000000034446 =005 20130612140344 =008 ***********************************ind** =035 ##$$0010-061300000034446 =041 ##$$a ind =082 ##$$a 784.188 =090 ##$$a 784.188, Set s =100 ##$$a Setiawati, Rahmida =245 ##$$a Seni tari jilid 1 SMK/Rahmida Setawati; Editor, Melina Suryadewi =260 ##$$a 2008 $b Jakarta =300 ##$$a vi,152, Ilus, 25 cm =650 ##$$a Seni Tari =700 ##$$a Suryadewi, Melina =850 ##$$a NBPNMAT =990 ##$$a 0008/BPAP-NTB/2017 =990 ##$$a 74637463 =990 ##$$a 01201807463 =990 ##$$a 0008/BPAP-NTB/2017